000 00228 a2200097 4500
001 51033
100 _aSchloher
245 _aIntroduction to electronics Warfare
260 _aWashington
_bArtech House
_c
090 _c32321
_d32321
942 _aNUST-CAE
_cM
_c24805
999 _c286106
_d286106